LEADER 00957cam0 2200301 450 001 000012882 005 20090311124552.0 010 $a88-15-06098-7 100 $a20080613d1997----km-y0itay50------ba 101 0 $aita 102 $aIT 105 $ay-------001yy 200 1 $a<>sinistra, il governo, l'Europa$fMichele Salvati 210 $aBologna$cIl Mulino$dc1997 215 $a98 p.$d18 cm 225 2 $aTendenze$v20 410 0$12001$aTendenze 500 10$a<>sinistra, il governo, l'Europa$935914 610 1 $aEconomia e società 610 1 $aPartiti di sinistra$aItalia$a1995-1997 610 1 $aItalia$aPolitica$a1995-1997 676 $a324.24507$v20$9Partiti moderni italiani. Partiti di sinistra 700 1$aSalvati,$bMichele$0329027 801 0$aIT$bUNIPARTHENOPE$c20080613$gRICA$2UNIMARC 912 $a000012882 951 $a032/133$b8360$cNAVA2$d2008 996 $aSinistra, il governo, l'Europa$935914 997 $aUNIPARTHENOPE